LEADER 01297nam a2200277 u 4500 001 000000116481 003 CaOOAMICUS 005 20090626105556.0 008 090626s2009 it u000 u ita r 020 $z978-88-348-8706-6* 040 $aPUL$bita$dLDB 100 1 $aIannone, Celestina.$0(OLS)http://pul/name/72352 245 12$aL'intervento pubblico nell'economia e le regole di concorrenza comunitarie /$cCelestina Iannone. 260 $aTorino :$bGiappichelli,$c2009. 300 $axiv, 210 p. ;$c23 cm. 490 1 $aStudi di diritto internazionale ;$v14 504 $aBibliografia: p. [203]-210. 650 4$aConcorrenza$xDiritto$zEuropa.$0(OLS)http://pul/subject/35498 650 4$aEconomia politica.$0(OLS)http://pul/subject/7140 830 0$aStudi di diritto internazionale (Giappichelli) ;$v14.$0(OLS)http://pul/title/146373 850 $aPUL 852 $aPUL$W1$xSL Diritto e Scienze Sociali 3$y79$m346. 07 IANCE 1$j133885$qDDC 21$B132913$CPULBib$Z2$F132913 $H110679 $82 941 1 $a9 996 $6020$z978-88-348-8706-6*$9(OLS)http://pul/number/141331 996 $6245$aL'intervento pubblico nell'economia e le regole di concorrenza comunitarie$9(OLS)http://pul/title/146374 996 $6260$aTorino :$bGiappichelli$9(OLS)http://pul/publisher/48244 LEADER 00770naa a2200193 u 4500 001 000000104081 003 CaOOAMICUS 005 20070226130218.0 008 061218s1973 it u000 u ita u 035 $a11111210 040 $aIAR$bita 100 1 $aGentili, Augusto.$0(OLS)http://pul/name/63956 245 10$aProblemi del simbolismo armonico nella cultura elisabettiana /$cAugusto Gentili. 260 $aRoma :$bIstituto di studi filosofici,$c1973. 300 $ap. 59-102 ;$c25 cm 500 $aIAR: CR.17 773 0 $tIl Simbolismo del tempo : studi di filosofia dell'arte$w()5126 996 $6245$aProblemi del simbolismo armonico nella cultura elisabettiana$9(OLS)http://pul/title/130988 996 $6260$aRoma :$bIstituto di studi filosofici$9(OLS)http://pul/publisher/48217